000 00511nam a22001817a 4500
003 OSt
005 20160707190540.0
008 160707b xxu||||| |||| 00| 0 eng d
020 _a978-0-9753662-2-6
040 _cLIC
082 _22007
_aDC 170.904
_bW24e
100 _910961
_aWarnock, Mary.
245 _aEthics since 1900/
_cMary Warnock.
260 _aLondon:
_bAxios University Press, Inc.
_cc2007.
300 _aviii, 229 pages;
_c20 cm.
650 0 _910963
_aEthics, Modern
_x20th century
942 _2ddc
_cDC
999 _c3286
_d3286